Konkurencieschopnosť podnikateľského prostredia Slovenskej republiky

Konkurencieschopnosť - definícia. Stratégia konkurencieschopnosti Slovenska do roku 2010, priority. Kvalita podnikateľského prostredia na Slovensku sa zlepšila v dôsledku reforiem. Slovensko v hodnotení Svetovej banky a Svetového ekonomického fóra. Nové faktory konkurencieschopnosti.

Gespeichert in:
Bibliographische Detailangaben
1. Verfasser: Hasprová, Mária, 1970-
Format: Buchkapitel
Sprache:Slowakisch
Schlagworte:
Tags: Tag hinzufügen
Keine Tags, Fügen Sie das erste Tag hinzu!

MARC

LEADER 00000naa$a2200000$$$4500
001 0051641
005 20240502071614.0
041 0 |a slo 
044 |a SK 
245 1 0 |a Konkurencieschopnosť podnikateľského prostredia Slovenskej republiky 
520 |a Konkurencieschopnosť - definícia. Stratégia konkurencieschopnosti Slovenska do roku 2010, priority. Kvalita podnikateľského prostredia na Slovensku sa zlepšila v dôsledku reforiem. Slovensko v hodnotení Svetovej banky a Svetového ekonomického fóra. Nové faktory konkurencieschopnosti. 
610 2 0 |a prostredie podnikateľské 
610 2 0 |a konkurencieschopnosť 
610 2 0 |a ukazovatele 
610 2 0 |a Slovensko 
610 2 0 |a Európska únia 
100 1 |a Hasprová, Mária, 1970-